000 00586nam a2200229Ia 4500
003 OSt
005 20221007071253.0
006 a|||||r|||| 00| 0
007 ta
008 221006b |||||||| |||| 00| 0 eng d
024 _a19,036
037 _cTextual
040 _aFLL
_cFLL
_beng
041 _2eng
_aeng
082 _aZ:8821h, H5
100 _aRussell Alison
_9615972
245 0 _aMagistrate
260 _aLondon
_bButterworth & Co. England
_c1945
300 _a162p
_ccm.
942 _hZ:8821h, H5
_cTEXL
_2CC
999 _c1142905
_d1142905